<?xml version="1.0" encoding="UTF-8"?>
<collection xmlns="http://www.loc.gov/MARC21/slim">
 <record>
  <leader>01603nam a2200205Ia 4500</leader>
  <controlfield tag="001">CTU_123345</controlfield>
  <controlfield tag="008">210402s9999    xx            000 0 und d</controlfield>
  <datafield tag="020" ind1=" " ind2=" ">
   <subfield code="c">49000</subfield>
  </datafield>
  <datafield tag="082" ind1=" " ind2=" ">
   <subfield code="a">658.8</subfield>
  </datafield>
  <datafield tag="082" ind1=" " ind2=" ">
   <subfield code="b">C101</subfield>
  </datafield>
  <datafield tag="245" ind1=" " ind2="0">
   <subfield code="a">Các kỹ năng marketing hiệu quả =</subfield>
  </datafield>
  <datafield tag="245" ind1=" " ind2="0">
   <subfield code="b">Marketer's Toolkit</subfield>
  </datafield>
  <datafield tag="245" ind1=" " ind2="0">
   <subfield code="c">Trần Thị Bích Nga, Phạm Ngọc Sáu (dịch) ; Nguyễn Văn Quì (hiệu đính)</subfield>
  </datafield>
  <datafield tag="260" ind1=" " ind2=" ">
   <subfield code="a">Thành phố Hồ Chí Minh</subfield>
  </datafield>
  <datafield tag="260" ind1=" " ind2=" ">
   <subfield code="b">Tổng hợp Thành phố Hồ Chí Minh</subfield>
  </datafield>
  <datafield tag="260" ind1=" " ind2=" ">
   <subfield code="c">2006</subfield>
  </datafield>
  <datafield tag="520" ind1=" " ind2=" ">
   <subfield code="a">Cuốn &quot;Các kỹ năng Marketing hiệu quả&quot; này đề cập đến mọi khía cạnh của lịch vực marketing, bao gồm những khái niệm cơ bản và những vấn đề thách thức theo xu hướng của thời đại. Cuốn sách không những người mới bước chân vào lĩnh vực marketing nhanh chóng nắm bắt được khái niệm marketing cần thiết, mà còn giúp những người đang làm công tác marketing chuyên sâu như nghiên cứu thị trường, đại diện bán hàng, quản lý website thương mại điện tử... mở rộng tầm hiểu biết về những quy tắc cũng như chiến lược marketing hiệu quả và chặt chẽ nhằm đạt được kết quả tối ưu trong công tác của mình.</subfield>
  </datafield>
  <datafield tag="650" ind1=" " ind2=" ">
   <subfield code="a">Management,Marketing</subfield>
  </datafield>
  <datafield tag="904" ind1=" " ind2=" ">
   <subfield code="i">Hiếu</subfield>
  </datafield>
  <datafield tag="980" ind1=" " ind2=" ">
   <subfield code="a">Trung tâm Học liệu Trường Đại học Cần Thơ</subfield>
  </datafield>
 </record>
</collection>
